000
00288 a2200121 4500
003
Nust
005
20170207154601.0
040
_c
Nust
082
_a
025.34
245
_a
Follow Me : Units : 1-8, side 1: units: 9-15, side 2
505
_a
Almirah No.73 shelf No.6
650
_a
English learning
651
_a
Follow Me
999
_c
198597
_d
198597